Cuentos

Salvato in:
Dettagli Bibliografici
Natura: testo
Tags: Aggiungi Tag
Nessun Tag, puoi essere il primo ad aggiungerne!!

MARC

LEADER 00000 a a2200000 04500
001 45664
003
040
245 |a Cuentos  
773 |g número499 (2011)  
999 |c 18354  |d 18354